Statistiques concernant Personnages Harry Potter - P

Cliquez ici pour prendre le quiz!

Statistiques générales

  • Ce quiz a été pris 261 fois
  • Le résultat moyen est 7 sur 15

Statistiques - réponses

Non Personnages% Correct
1Padma Patil
71%
9Peter Pettigrow
71%
3Parvati Patil
69%
8Percy Weasley
59%
14Pomona Chourave
56%
2Pansy Parkinson
49%
15Poppy Pomfresh
49%
4Pattenrond
43%
10Petunia Dursley
37%
5Peeves
33%
7Perceval Dumbledore
32%
6Pénélope Deauclaire
28%
11Phineas Nigellus
26%
12Piers Polkiss
23%
13Pius Thickness
21%

Distribution des résultats

Percentile par nombre de réponses

% des personnes avec chaque résultat

Votre développement - résultats

Vous n’avez pas pris ce quiz